|
|
|
|
| LEADER |
00000nab a2200000 a 4500 |
| 001 |
vtls008630554 |
| 003 |
SK-MaSNL |
| 005 |
20260415043942.0 |
| 008 |
060313c20060116xo dr n 000 00slo |
| 015 |
|
|
|a SNBRB2006/03SVKPO
|
| 038 |
|
|
|a SVKPOCL
|
| 040 |
|
|
|a SVKPOCL
|b slo
|c AACR2
|e AACR2
|
| 041 |
|
|
|a slo
|
| 044 |
|
|
|a xo
|c SK
|
| 080 |
|
|
|a 82:821.162.4
|2 2001
|
| 080 |
|
|
|a 929 Hvezda, Ján
|2 2001
|
| 080 |
|
|
|a 821.162.4
|2 2001
|
| 100 |
1 |
|
|a Staviarsky, Štefan,
|d 1934-
|4 aut
|9 107171
|
| 245 |
1 |
0 |
|a Vlastenec a národovec
|b básnik Ján Hvezda písal v šarišskom nárečí
|c Štefan Staviarsky
|
| 300 |
|
|
|a Fotogr.
|
| 500 |
|
|
|a V rubrike Oprášená história
|
| 600 |
1 |
7 |
|a Hvezda, Ján
|d 1814-1870
|2 svkpocl
|9 1599538
|
| 651 |
|
7 |
|a Giraltovce (Slovensko)
|2 svkpocl
|9 29721
|
| 651 |
|
7 |
|a Svidník (Slovensko : okres)
|2 svkpocl
|9 28651
|
| 651 |
|
7 |
|a Prešov (Slovensko)
|2 svkpocl
|9 17347
|
| 773 |
0 |
|
|t Prešovský večerník
|g Roč. XVII, č. 3873 (16.1.2006), s. 13
|x 1336-4030
|
| 852 |
|
|
|a SVKPO
|b KIS3GCP
|
| 856 |
4 |
1 |
|u www.vecernik.po.sk
|
| 958 |
|
|
|a BX
|
| 999 |
|
|
|c 3336310
|d 3338240
|